| 000 | 00528nam a2200205Ia 4500 | ||
|---|---|---|---|
| 003 | OSt | ||
| 005 | 20220927114240.0 | ||
| 006 | a|||||r|||| 00| 0 | ||
| 007 | ta | ||
| 008 | 220926b |||||||| |||| 00| 0 eng d | ||
| 024 | _a149791 | ||
| 037 | _cTextbook | ||
| 040 |
_aRTL _cRTL _beng |
||
| 041 |
_2eng _aeng |
||
| 082 | _a"Y, TD" | ||
| 100 |
_aO I Water Y _9387879 |
||
| 245 | 0 |
_aDisneyland dilemma _b Two part tniffs for a mickey mouse monopoly |
|
| 942 |
_h"Y, TD" _cCC |
||
| 999 |
_c703729 _d703729 |
||